000 00281cam a22000977a 4500
008 180718b1937 xxu||||| |||| 00| 0 eng d
082 _aO3500x5421 Ut8
245 _aMental hospitals manual
260 _aAllahabad
_bSuperintendent, Printing and Stationery
_c1937
300 _a193, xxiip.
999 _c412533
_d412533